[Event "Pardubice Czech op-C 32nd"]
[Site "Pardubice"]
[Date "2021.07.31"]
[Round "9"]
[White "Moravek, Jakub"]
[Black "Yeni, Mariia"]
[Result "1-0"]
[WhiteElo "1628"]
[BlackElo "1306"]
[PlyCount "111"]
[EventDate "2021.07.24"]
[EventType "swiss"]
[EventRounds "9"]
[EventCountry "CZE"]
[SourceTitle "EXT 2022"]
[Source "ChessBase"]
[SourceDate "2021.10.06"]
[SourceVersion "1"]
[SourceVersionDate "2021.10.06"]
[SourceQuality "1"]

1. e4 c6 2. d4 d5 3. exd5 cxd5 4. Bb5+ Nc6 5. Bxc6+ bxc6 6. Nf3 Ba6 7. Bf4 Nf6 8. Nbd2 Qa5 9. c3 e6 10. b4 Qd8 11. Ne5 Rc8 12. a4 Bd6 13. Qf3 Qc7 14. g4 h6 15. h3 0-0 16. Rg1 Nh7 17. Bg3 f6 18. Nd3 e5 19. Nc5 Bxc5 20. dxc5 Qe7 21. 0-0-0 Rb8 22. Kc2 Bc8 23. Qe3 Qc7 24. f4 Re8 25. fxe5 Qf7 26. Qd4 Rb7 27. exf6 Nxf6 28. Bd6 a5 29. Rde1 axb4 30. cxb4 Be6 31. Nf3 Ne4 32. Ne5 Qf2+ 33. Qxf2 Nxf2 34. Nxc6 Nxh3 35. Rg3 Nf2 36. a5 Ne4 37. Ra3 Bxg4 38. a6 Rf7 39. Bb8 Bd7 40. Ne5 Rxb8 41. Nxf7 Kxf7 42. a7 Ra8 43. Kd3 g5 44. Rc1 Bc6 45. Kd4 Ke6 46. Ra6 Kd7 47. Rh1 Ng3 48. Rh3 Nf5+ 49. Ke5 Rf8 50. Rf3 Nh4 51. Rxf8 Ng6+ 52. Kf5 Nxf8 53. a8Q Bxa8 54. Rxa8 Ke7 55. b5 Ne6 56. Ra7+ 1-0

[Event "Pardubice op rapid 32nd"]
[Site "Pardubice"]
[Date "2021.07.21"]
[Round "1"]
[White "Yeni, Mariia"]
[Black "Zwardon, Vojtech"]
[Result "1/2-1/2"]
[WhiteElo "1306"]
[BlackElo "2466"]
[PlyCount "115"]
[EventDate "2021.07.21"]
[EventType "swiss (rapid)"]
[EventRounds "9"]
[EventCountry "CZE"]
[SourceTitle "CBM 203 Extra"]
[Source "ChessBase"]
[SourceDate "2021.09.30"]
[SourceVersion "1"]
[SourceVersionDate "2021.09.30"]
[SourceQuality "1"]

1. e4 c5 2. Nf3 Nc6 3. d3 g6 4. Nbd2 Bg7 5. g3 d6 6. Bg2 Bg4 7. 0-0 Qd7 8. Re1 Bh3 9. a4 h5 10. Nc4 h4 11. Nxh4 Bf6 12. Nf3 Bxg2 13. Kxg2 Qh3+ 14. Kg1 Nd4 15. c3 Nxf3+ 16. Qxf3 Qxh2+ 17. Kf1 Bg7 18. Bf4 0-0-0 19. Ke2 Qh5 20. g4 Qh3 21. Bg3 Nf6 22. Ne3 Qh7 23. Rab1 Qg8 24. b4 Nd7 25. bxc5 Nxc5 26. e5 f5 27. d4 Qa2+ 28. Kf1 Ne4 29. Kg1 Rd7 30. gxf5 Nd2 31. Qd1 Bh6 32. Ra1 Qb2 33. Re2 Bxe3 34. fxe3 Rc7 35. Rxd2 Qxc3 36. Re2 gxf5 37. exd6 exd6 38. Raa2 f4 39. Bxf4 Qc6 40. Rg2 Kb8 41. Rac2 Qd5 42. Rxc7 Kxc7 43. Qc2+ Kb8 44. Qg6 Qb3 45. Qxd6+ Ka8 46. Qg6 a6 47. Qc2 Qb4 48. Qd1 Qa3 49. Rg3 Rc8 50. e4 Qf8 51. Qf3 Qb4 52. Qd1 Rf8 53. Be5 Qc4 54. Rg7 Qc3 55. Rg3 Qc4 56. Rg7 Qc3 57. Rg3 Qc4 58. Rg7 1/2-1/2